UM Logo

Management information systems: (Record no. 5042)

MARC details
000 -LEADER
fixed length control field 01283cam a2200313 a 4500
001 - CONTROL NUMBER
control field 13042419
005 - DATE AND TIME OF LATEST TRANSACTION
control field 20161007110706.0
008 - FIXED-LENGTH DATA ELEMENTS--GENERAL INFORMATION
fixed length control field 021227s2004 maua b 001 0 eng
010 ## - LIBRARY OF CONGRESS CONTROL NUMBER
LC control number 2002045535
020 ## - INTERNATIONAL STANDARD BOOK NUMBER
International Standard Book Number 0072823119 (alk. paper)
020 ## - INTERNATIONAL STANDARD BOOK NUMBER
International Standard Book Number 0071214984 (international : alk. paper)
040 ## - CATALOGING SOURCE
Original cataloging agency DLC
Transcribing agency DLC
Modifying agency DLC
050 00 - LIBRARY OF CONGRESS CALL NUMBER
Classification number HF5548.32
Item number .O27 2004
082 00 - DEWEY DECIMAL CLASSIFICATION NUMBER
Classification number DC 658.403811
Edition number 2004
Item number Ob6m
100 1# - MAIN ENTRY--PERSONAL NAME
Personal name O'Brien, James A.,
Dates associated with a name 1936-
245 10 - TITLE STATEMENT
Title Management information systems:
Remainder of title managing information technology in the business enterprise/
Statement of responsibility, etc. James A. O'Brien.
250 ## - EDITION STATEMENT
Edition statement 6th edition
260 ## - PUBLICATION, DISTRIBUTION, ETC. (IMPRINT)
Place of publication, distribution, etc. Boston:
Name of publisher, distributor, etc. McGraw-Hill/Irwin,
Date of publication, distribution, etc. c2004.
300 ## - PHYSICAL DESCRIPTION
Extent xxviii, 529 pages+various paging:
Other physical details color illustrations;
Dimensions 29 cm.
504 ## - BIBLIOGRAPHY, ETC. NOTE
Bibliography, etc Includes appendix, bibliographical references, glossary and indexes.
650 #0 - SUBJECT ADDED ENTRY--TOPICAL TERM
Topical term or geographic name as entry element Electronic commerce.
650 #0 - SUBJECT ADDED ENTRY--TOPICAL TERM
Topical term or geographic name as entry element Information technology
General subdivision Management.
650 #0 - SUBJECT ADDED ENTRY--TOPICAL TERM
Topical term or geographic name as entry element Management information systems.
650 #0 - SUBJECT ADDED ENTRY--TOPICAL TERM
Topical term or geographic name as entry element Business
General subdivision Data processing.
856 41 - ELECTRONIC LOCATION AND ACCESS
Materials specified Table of contents only
Uniform Resource Identifier <a href="http://www.loc.gov/catdir/enhancements/fy0702/2002045535-t.html">http://www.loc.gov/catdir/enhancements/fy0702/2002045535-t.html</a>
906 ## - LOCAL DATA ELEMENT F, LDF (RLIN)
a 0
b vip
c orignew
d 1
e ocip
f 20
g y-gencatlg
942 ## - ADDED ENTRY ELEMENTS (KOHA)
Source of classification or shelving scheme Dewey Decimal Classification
Koha item type Circulation
Holdings
Withdrawn status Lost status Source of classification or shelving scheme Damaged status Not for loan Collection code Home library Current library Date acquired Total Checkouts Full call number Barcode Date last seen Price effective from Koha item type
    Dewey Decimal Classification     Circulation UM Digos College - LIC UM Digos College - LIC 02/16/2007   DC 658.403811 Ob6m 2004 18963 05/15/2025 10/07/2016 Circulation